| 000 -LEADER |
| fixed length control field |
00338nam a2200133 4500 |
| 003 - CONTROL NUMBER IDENTIFIER |
| control field |
OSt |
| 005 - DATE AND TIME OF LATEST TRANSACTION |
| control field |
20230727165252.0 |
| 008 - FIXED-LENGTH DATA ELEMENTS--GENERAL INFORMATION |
| fixed length control field |
230727b ||||| |||| 00| 0 eng d |
| 100 ## - MAIN ENTRY--PERSONAL NAME |
| Personal name |
L R Vagale |
| 245 ## - TITLE STATEMENT |
| Title |
A Suggestive bibliography on town and regional planning |
| 260 ## - PUBLICATION, DISTRIBUTION, ETC. (IMPRINT) |
| Place of publication, distribution, etc |
IBADAN |
| Name of publisher, distributor, etc |
The polytechnic |
| 300 ## - PHYSICAL DESCRIPTION |
| Extent |
83P.; |
| 942 ## - ADDED ENTRY ELEMENTS (KOHA) |
| Source of classification or shelving scheme |
|